Calculus and Analytical Geometry MTH101 (Record no. 9440)

000 -LEADER
fixed length control field 00421 a2200133 4500
040 ## - CATALOGING SOURCE
Original cataloging agency DLC
Language of cataloging DLC
082 ## - DEWEY DECIMAL CLASSIFICATION NUMBER
Classification number 515.15
100 ## - MAIN ENTRY--PERSONAL NAME
Personal name Faisal Shah Khan
245 ## - TITLE STATEMENT
Title Calculus and Analytical Geometry MTH101
Statement of responsibility, etc. Faisal Shah Khan
Medium CD-ROM
260 ## - PUBLICATION, DISTRIBUTION, ETC.
Place of publication, distribution, etc. Lahore:
Name of publisher, distributor, etc. Virtual University,
Date of publication, distribution, etc. 2005.
300 ## - PHYSICAL DESCRIPTION
Accompanying material 7 CD-ROMs (3/4in)
500 ## - GENERAL NOTE
General note Lectures: 1-7, 8-14, 15-21, 22-28, 29-35, 36-42, 43-45 (7 CD-ROMs)
942 ## - ADDED ENTRY ELEMENTS (KOHA)
Koha item type CD,DVDs
Call number prefix 515.15 FAI
Source of classification or shelving scheme
Holdings
Withdrawn status Lost status Damaged status Not for loan Collection code Permanent Location Current Location Shelving location Date acquired Source of acquisition Cost, normal purchase price Total Checkouts Full call number Barcode Date last seen Price effective from Koha item type
          Central Library (CL) Central Library (CL) General Stacks 08/03/2005 New Public Book 40.00   515.15 FAI SEECS006153 11/14/2012 01/05/2017 CD,DVDs
          Central Library (CL) Central Library (CL) General Stacks 08/03/2005 New Public Book 40.00   515.15 FAI SEECS006154 11/14/2012 01/05/2017 CD,DVDs
          Central Library (CL) Central Library (CL) General Stacks 08/03/2005 New Public Book 40.00   515.15 FAI SEECS006155 11/14/2012 01/05/2017 CD,DVDs
          Central Library (CL) Central Library (CL) General Stacks 08/03/2005 New Public Book 40.00   515.15 FAI SEECS006156 11/14/2012 01/05/2017 CD,DVDs
          Central Library (CL) Central Library (CL) General Stacks 08/03/2005 New Public Book 40.00   515.15 FAI SEECS006157 11/14/2012 01/05/2017 CD,DVDs
          Central Library (CL) Central Library (CL) General Stacks 08/03/2005 New Public Book 40.00   515.15 FAI SEECS006158 11/14/2012 01/05/2017 CD,DVDs
          Central Library (CL) Central Library (CL) General Stacks 08/03/2005 New Public Book 40.00   515.15 FAI SEECS006152 11/14/2012 01/05/2017 CD,DVDs
© 2023 Central Library, National University of Sciences and Technology. All Rights Reserved.